| 000 | 00847nam a2200217 i 4500 | ||
|---|---|---|---|
| 001 | 153318 | ||
| 003 | ES-MaACL | ||
| 005 | 20250829064109.0 | ||
| 008 | 931025s1788 po |||| | por d | ||
| 100 | 1 |
_aCouto, Diogo do. _941324 |
|
| 245 | 1 | 0 |
_aDecada undecima da Asia _b: dos feitos que os portuguezes fizeram no descubrimento dos mares e conquista das terras do Oriente... / _cde Diogo de Couto... |
| 260 |
_aLisboa : _bna Regia Officine Typografica, _c1788. |
||
| 300 |
_a[4], VII, 189 p. ; _c8º. |
||
| 500 | _aContinuación de Da Asia de João de Barros. | ||
| 597 | _aSign.: [ ]6, A-L8, M7. | ||
| 597 | _aPort. con esc. xil. | ||
| 650 | 0 | 7 |
_aDescubrimientos geográficos portugueses _2embne _911832 |
| 700 | 1 |
_aBarros, João de, _d1496-1570 _926048 |
|
| 852 |
_aES-MaACL _jR-1976 _z-- Enc. hol. |
||
| 999 |
_c153318 _d153318 |
||